| 000 | 01323nam0a2200325 4500 | ||
|---|---|---|---|
| 001 | RU\NLR\bibl\946006 | ||
| 005 | 20260405102935.0 | ||
| 021 |
_aRU _b2006-21326 _91066 |
||
| 035 | _a(NLR Aleph) 000934145 | ||
| 090 |
_a178615 _c178615 |
||
| 100 | _a20060510d2005 |||y0rusy50 ca | ||
| 101 | 0 | _arus | |
| 102 | _aRU | ||
| 105 | _aa ||||||||| | ||
| 200 | 1 |
_aЭта сладкая горькая власть _eк 100-летию генерала Ивана Серова _fВладимир Кузнецов |
|
| 210 |
_aСанкт-Петербург _cСПб ГУ ГА _d2005 |
||
| 215 |
_a34 с. _cил., портр. _d21 |
||
| 300 | _aНа обороте тит. л. авт.: В.Н. Кузнецов, к.ист.н., доц. | ||
| 320 | _aБиблиогр.: с. 33-34 | ||
| 600 | 1 |
_aСеров _bИ.А. _f1905 - 1990 _gИван Александрович _92423359 _3RU\NLR\auth\661442995 |
|
| 686 | _aХ621.162.01-1 | ||
| 686 | _aЦ68,6(2)-243дСеров И.А. | ||
| 700 | 1 |
_4070 _7ca _8rus _aКузнецов _bВ. Н. _cканд. ист. наук, история авиации _gВладимир Николаевич _921621 _3RU\NLR\AUTH\7738637 |
|
| 801 | 0 |
_aRU _bNLR _c20060510 _grcr |
|
| 801 | 1 |
_aRU _bNLR _c20060510 |
|
| 830 | _aавт. по кн. | ||
| 942 | _cBOOK | ||
| 980 | _aNB | ||